| 000 | 00991pam a2200265 a 4500 | ||
|---|---|---|---|
| 999 |
_c6494 _d6494 |
||
| 001 | 3996266 | ||
| 003 | OSt | ||
| 005 | 20200128120357.0 | ||
| 008 | 960424s1996 maua b 001 0 eng | ||
| 010 | _a 96002900 | ||
| 020 | _a0750631309 | ||
| 040 |
_aDLC _cDLC _dDLC |
||
| 082 | 0 | 0 |
_a371.21 _220 _bLIV 1989 |
| 100 | 1 |
_aLivesey, Peter G. _913353 |
|
| 245 | 1 | 4 |
_aThe GP consultation : _ba registrar's guide / _cPeter G. Livessey. |
| 260 |
_aBoston, Mass. : _bButterworth Heinemann, _c1996. |
||
| 300 |
_axv, 138 p. : _bill. ; _c22 cm. |
||
| 500 | _aPrev. ed. published as: Partners in care. London : Heineman Medical Books, 1986. | ||
| 504 | _aIncludes bibliographical references (p. [122]-133) and index. | ||
| 650 | 0 |
_aFamily medicine. _92507 |
|
| 700 | 1 |
_aLivesey, Peter G. _dPartners in care. _913354 |
|
| 906 |
_a7 _bcbu _corignew _d1 _eocip _f19 _gy-gencatlg |
||
| 942 |
_2ddc _cO_SHELF |
||